000 00523nam a2200181Ia 4500
008 220214s9999 xx 000 0 und d
100 _aKomori Yoshihiko
245 0 _aIntercalation of alkylamines and water into kaolinite with methanol kaolinite as a intermediate
260 _bApplied Clay Science
_c1999
300 _a241-252
650 _aAlkylamine
650 _aHydrated kaolinite
650 _aIntercalation
650 _aKaolinite
700 _aKurodaKazuyuki
700 _aSugahara Yoshiyuki
942 _cRE
999 _c45489
_d45489